Biblické knihy - Ekumena - Statistics

General Stats
  • This quiz has been taken 17 times
  • The average score is 17 of 66
Answer Stats
Odpovědi % Correct
Jan (J.)
78%
Lukáš (L.)
78%
Čtvrtá Mojžíšova (Numeri) (Nu.)
67%
Druhá Mojžíšova (Exodus) (Ex.)
67%
Marek (Mk.)
67%
Matouš (Mt.)
67%
První Mojžíšova (Genesis) (Gn.)
67%
Třetí Mojžíšova (Leviticus) (Lv.)
67%
Žalmy (Z.)
67%
Druhá Královská (2 Kr.)
56%
Jób (Jb.)
56%
Pátá Mojžíšova (Deuteronomium) (Dt.)
56%
Přísloví (Pr.)
56%
První Královská (1 Kr.)
56%
Římanům (R.)
56%
Rút (Rt.)
56%
Daniel (Da.)
44%
Ester (Est.)
44%
Ezdráš (Ezd.)
44%
Soudců (Sd.)
44%
Nehemjáš (Neh.)
33%
Píseň Písní (Pis.)
33%
Pláč (Pl.)
33%
První list Korintským (1 K.)
33%
Židům (Zd.)
33%
Druhá Paralipomenon (2. Letopisů) (2 Pa.)
22%
Druhá Samuelova (2 S.)
22%
Druhý list Korintským (2 K.)
22%
Druhý list Petrův (2 Pt.)
22%
Efezským (Ef.)
22%
Ezechiel (Ez.)
22%
Filipským (Fp.)
22%
Jozue (Joz.)
22%
Kazatel (Kaz.)
22%
Koloským (Ko.)
22%
Ozeáš (Oz.)
22%
První list Petrův (1 Pt.)
22%
První Paralipomenon (1. Letopisů) (1 Pa.)
22%
První Samuelova (1 S.)
22%
Skutky Apoštolské (Sk.)
22%
Zjevení Janovo (Zj.
22%
Ageus (Ag.)
11%
Druhý list Janův (2 J.)
11%
První list Janův (1 J.)
11%
Abakuk (Abk.)
0%
Abdijáš (Abd.)
0%
Ámos (Am.)
0%
Druhý list Tesalonickým (2 Te.)
0%
Druhý list Timoteovi (2 Tm.)
0%
Filemonovi (Fm.)
0%
Galatským (Ga.)
0%
Izajáš (Iz.)
0%
Jeremjáš (Jr.)
0%
Jóel (Jl.)
0%
Jonáš (Jon.)
0%
List Jakubův (Jk.)
0%
List Judův (Ju.)
0%
Malachiáš
0%
Micheáš (Mi.)
0%
Nahum (Na.)
0%
První list Tesalonickým (1 Te.)
0%
První list Timoteovi (1 Tm.)
0%
Sofonjáš (Sf.)
0%
Titovi (Tt.)
0%
Třetí list Janův (3 J.)
0%
Zacharjáš
0%
No matching quizzes found
Score Distribution
Percent of People with Each Score
Percentile by Number Answered
Your Score History
You have not taken this quiz